000 00687nam a2200181Ia 4500
008 100921s9999 xx 000 0 und d
082 _b12758
_a808.068 थ 77
100 _aमतकरी प्रतिभा.
245 _aझुक झकु भाऊ इंजिनवाले.
260 _bजोमेफ प्रकाशन,पुणे.
_c1977
300 _a52
_b---
365 _b3
520 _aललित-बालवाङ्रमय.
630 _aझुक झकु भाऊ इंजिनवाले.
650 _aललित-बालवाङ्रमय.
730 _aझुक झकु भाऊ इंजिनवाले.
942 _cBOOK
999 _c761871
_d761868